000 02191nam a22003017a 4500
999 _c58782
_d58782
003 Ge_BSU
005 20220726125320.0
008 220726s2021ge xxu||||| |||| 00| 0 geo d
020 _a9789941491016
041 _ageo
080 _a94(479.22)+908(479.22)(093) ე-35
245 _aევროპელი სოციალისტების ვიზიტი საქართველოში:The Visit of European Socialists to Georgia :
_bII: 1920 /
_cკრებულ.შემდგ: ქეთევან ქუსიკაშვილი, სალომე ჭანტურიძე, ზურაბ გაიპარაშვილი, მთარგმ. ელისაბედ ცაავა, ვისი სადრაძე, მარინე ჭყონია, თამარ ნაცვლიშვილი.
264 _aთბილისი:
_bუნივერსიტეტის გამ-ბა,
_c[2021].
300 _a507 გვ.:
_cილუსტ
_b23 სმ.
501 _aგეოგრაფიული ადგილები გვ:505-507
546 _aქართულ და ინგლისურ ენაზე
653 _aევროპელი სოციალისტების ვიზიტი საქართველოში
653 _aისტორია
700 _aქუსიკაშვილი, ქეთევან
_914482
700 _aჭანტურიძე, სალომე
_914483
700 _aგაიპარაშვილი, ზურაბ
_98311
700 _aცაავა, ელისაბედ
_eმთარგმნელი
_914484
700 _aსადრაძე, ვისი
_eმთარგმნელი
_914485
700 _aჭყონია, მარინე
_eმთარგმნელი
_914486
700 _aნაცვლიშვილი, თამარ
_eმთარგმნელი
_914487
710 _aივანე ჯავახიშვილის სახელობის თბილისის სახელმწიფო უნივერსიტეტი
_914488
942 _2udc
_cBK